| 000 | 00752nam a22002177a 4500 | ||
|---|---|---|---|
| 005 | 20140916105612.0 | ||
| 010 | _aENG-110854 | ||
| 020 |
_a9788175417182 _c150.00 |
||
| 035 | _aEN-94386 | ||
| 037 | _bDBAD/PUB | ||
| 082 | _a371.9670954 | ||
| 100 | _aBiswas, N.B. | ||
| 245 |
_aEducation of the scheduled caste people : _cby N.B. Biswas [and] N.R. Roy _bNamasudras of West Bengal / |
||
| 260 |
_aNew Delhi _bShipra Publications _c2014 |
||
| 270 |
_aLG-18-19, Pankaj Central Market, Patparganj _bNew Delhi _e110092 |
||
| 300 |
_avi,165p. _c22cm(pbk) |
||
| 500 | _aIncludes bibliographical references | ||
| 650 |
_aPeople with social disabilities _xEducation _zIndia. |
||
| 700 | _aRoy, N.R. | ||
| 942 |
_2ddc _cEN _mBIS _h371.9670954 |
||
| 999 |
_c88620 _d88620 |
||